[Event "Online Olym Top DivC 2020"]
[Site "chess.com INT"]
[Date "2020.08.22"]
[Round "6.1"]
[Board "2"]
[White "Ali Marandi, Cemil Can"]
[Black "Adly, Ahmed"]
[Result "1-0"]
[WhiteTitle "GM"]
[BlackTitle "GM"]
[WhiteElo "2543"]
[BlackElo "2615"]
[WhiteTeam "Turkey"]
[BlackTeam "Egypt"]
[WhiteFideId "6300529"]
[BlackFideId "10601619"]
[EventDate "2020.08.21"]
[EventType "team"]

1. d4 Nf6 2. Nf3 d5 3. Bf4 Bf5 4. e3 e6 5. Bd3 Bg6 6. O-O Bd6 7. Bg3 Nbd7 8.
Nbd2 Ne4 9. Bxe4 dxe4 10. Nh4 f5 11. Nc4 Bxg3 12. hxg3 Bf7 13. f4 h6 14. d5 Qf6
15. Ne5 Nxe5 16. fxe5 Qg5 17. Qe1 O-O 18. Rf4 Rad8 19. c4 c6 20. d6 h5 21. Rf1
Qh6 22. g4 g5 23. gxf5 gxh4 24. Qxh4 Kh8 25. Rf4 Qg7 26. Raf1 Rg8 27. R1f2 Qg5
28. Qh2 Rg7 29. fxe6 Bxe6 30. Rf6 Bxc4 31. R6f5 Qg6 32. Rxh5+ Rh7 33. Rh4 Rg8
34. d7 Qg7 35. Rf6 Rd8 36. Rxh7+ Qxh7 37. Rh6 Rxd7 38. Rxh7+ Rxh7 39. Qf4 Rf7
40. Qh6+ Kg8 41. e6 Re7 42. Qg5+ 1-0

[Event "Online Olym Top DivC 2020"]
[Site "chess.com INT"]
[Date "2020.08.22"]
[Round "6.1"]
[Board "3"]
[White "Wafa, Shrook"]
[Black "Atalik, Ekaterina"]
[Result "1/2-1/2"]
[WhiteTitle "WGM"]
[BlackTitle "IM"]
[WhiteElo "2182"]
[BlackElo "2450"]
[WhiteTeam "Egypt"]
[BlackTeam "Turkey"]
[WhiteFideId "10609970"]
[BlackFideId "4130189"]
[EventDate "2020.08.21"]
[EventType "team"]

1. e4 e5 2. Nf3 Nc6 3. Bb5 a6 4. Ba4 Nf6 5. d4 exd4 6. O-O Be7 7. Re1 b5 8. e5
Nd5 9. Bb3 Nb6 10. c3 dxc3 11. Nxc3 O-O 12. Ne4 d5 13. exd6 cxd6 14. Bg5 Bg4 15.
Bxe7 Nxe7 16. Qxd6 Bxf3 17. gxf3 Ng6 18. Rad1 Nc4 19. Qg3 Qb6 20. Nd6 Nxd6 21.
Rxd6 Qc5 22. Red1 Kh8 23. Rd7 Qf5 24. R1d5 Qb1+ 25. Kg2 Qxb2 26. Rf5 Rad8 27.
Rxd8 Rxd8 28. Rxf7 a5 29. Rf5 Qd4 30. Rf7 a4 31. Bc2 Nf8 32. Rf4 Qd6 33. Be4 Ne6
34. Rh4 Qxg3+ 35. hxg3 h6 36. Rh5 Nd4 37. Rc5 a3 38. Rc7 Rb8 39. Rd7 Ne6 40. Ra7
b4 41. Bd5 Nd4 42. Bc4 g5 43. Bd5 Nb5 44. Rd7 Nc3 45. Bb3 Rb6 46. Kf1 h5 47. Kg2
Nxa2 48. Bxa2 b3 49. Bxb3 Rxb3 50. Ra7 h4 51. gxh4 gxh4 52. Ra4 h3+ 53. Kxh3
Rxf3+ 54. Kg2 Rb3 55. Kf1 Kg8 56. Ke2 Rb2+ 57. Ke3 a2 58. f4 Kf7 59. Kd3 Kf6 60.
Kc3 Rf2 61. Kb3 1/2-1/2

[Event "Online Olym Top DivC 2020"]
[Site "chess.com INT"]
[Date "2020.08.22"]
[Round "6.1"]
[Board "4"]
[White "Yildiz Kadioglu, Betul Cemre"]
[Black "Mona, Khaled"]
[Result "1-0"]
[WhiteTitle "WGM"]
[BlackTitle "WGM"]
[WhiteElo "2362"]
[BlackElo "2127"]
[WhiteTeam "Turkey"]
[BlackTeam "Egypt"]
[WhiteFideId "6302920"]
[BlackFideId "10605908"]
[EventDate "2020.08.21"]
[EventType "team"]

1. d4 d5 2. Nf3 c6 3. g3 Nf6 4. Bg2 e6 5. O-O Be7 6. c4 dxc4 7. Ne5 O-O 8. Nxc4
c5 9. dxc5 Bxc5 10. Nc3 Nc6 11. Bf4 Qe7 12. Bd6 Bxd6 13. Qxd6 Rd8 14. Qxe7 Nxe7
15. Rfd1 Rf8 16. Nb5 Rb8 17. Nxa7 b5 18. Ne5 Bb7 19. Nac6 Bxc6 20. Nxc6 Nxc6 21.
Bxc6 Rfc8 22. Rac1 Kf8 23. Bf3 b4 24. Rxc8+ Rxc8 25. Rd4 b3 26. axb3 Rc2 27. Rb4
Rxb2 28. Rb8+ Ke7 29. Rb7+ Kf8 30. e3 e5 31. Kf1 e4 32. Be2 Ne8 33. b4 Rb1+ 34.
Kg2 Rb2 35. Bf1 Nd6 36. Rb8+ Ke7 37. b5 Kd7 38. g4 f5 39. Rg8 f4 40. Rxg7+ Ke6
41. Kg1 f3 42. Rxh7 Rb1 43. Rc7 Nxb5 44. Rb7 Nc3 45. Rxb1 Nxb1 46. h4 Nc3 47.
Bc4+ Kf6 48. Kh2 Ne2 49. Ba6 Nc3 50. Kh3 Kg6 51. g5 Nd1 52. Kg3 Nc3 53. Kg4 Nd1
54. h5+ Kh7 55. Kg3 Nc3 56. Bb7 Kg7 57. Kf4 Nd1 58. h6+ Kh8 59. Kxe4 Nxf2+ 60.
Kxf3 Nd3 61. Kg4 Ne5+ 62. Kh5 Nd7 63. Bc8 Ne5 64. Bf5 Nf7 65. g6 Nd8 66. e4 Kg8
67. e5 Kh8 68. Bd7 Ne6 69. g7+ Nxg7+ 70. hxg7+ Kxg7 71. Kg5 Kf8 72. Kf6 1-0

[Event "Online Olym Top DivC 2020"]
[Site "chess.com INT"]
[Date "2020.08.22"]
[Round "6.1"]
[Board "5"]
[White "Kandil, Adham"]
[Black "Ozen, Deniz"]
[Result "0-1"]
[WhiteTitle "IM"]
[BlackTitle "IM"]
[WhiteElo "2291"]
[BlackElo "2412"]
[WhiteTeam "Egypt"]
[BlackTeam "Turkey"]
[WhiteFideId "10618490"]
[BlackFideId "6349196"]
[EventDate "2020.08.21"]
[EventType "team"]

1. e4 Nf6 2. e5 Nd5 3. c4 Nb6 4. d4 d6 5. exd6 cxd6 6. Nf3 g6 7. Be2 Bg7 8. O-O
O-O 9. Nc3 Nc6 10. Be3 Bg4 11. c5 Bxf3 12. Bxf3 dxc5 13. dxc5 Nc4 14. Qb3 Nxe3
15. fxe3 Rb8 16. Be4 e6 17. Rab1 Qg5 18. Na4 Rfd8 19. Rbd1 Bh6 20. Rde1 Qe5 21.
Qc2 f5 22. Bxc6 bxc6 23. Rf3 Rd5 24. b3 Rbd8 25. Qc4 Rd1 26. Qf1 Qa1 0-1

[Event "Online Olym Top DivC 2020"]
[Site "chess.com INT"]
[Date "2020.08.22"]
[Round "6.1"]
[Board "6"]
[White "Caglar, Sila"]
[Black "Allam, Yara"]
[Result "1-0"]
[WhiteTitle "WIM"]
[BlackTitle "WCM"]
[WhiteElo "2250"]
[BlackElo "1752"]
[WhiteTeam "Turkey"]
[BlackTeam "Egypt"]
[WhiteFideId "6364063"]
[BlackFideId "10615709"]
[EventDate "2020.08.21"]
[EventType "team"]

1. e4 c5 2. Nf3 e6 3. d4 cxd4 4. Nxd4 a6 5. Bd3 Qc7 6. O-O Nf6 7. Be3 Be7 8. Nc3
b5 9. a3 Bb7 10. Kh1 O-O 11. f4 d6 12. Qf3 Nbd7 13. Qg3 Nc5 14. Qh3 d5 15. e5
Nfe4 16. Nxe4 Nxe4 17. c3 Rab8 18. Rf3 Rfe8 19. Raf1 Bf8 20. f5 Qxe5 21. fxe6
fxe6 22. Bf4 Qf6 23. Bxb8 Qg6 24. Nxe6 1-0

[Event "Online Olym Top DivC 2020"]
[Site "chess.com INT"]
[Date "2020.08.22"]
[Round "6.2"]
[Board "1"]
[White "Saric, Ivan"]
[Black "Delchev, Aleksander"]
[Result "1-0"]
[WhiteTitle "GM"]
[BlackTitle "GM"]
[WhiteElo "2646"]
[BlackElo "2550"]
[WhiteTeam "Croatia"]
[BlackTeam "Bulgaria"]
[WhiteFideId "14508150"]
[BlackFideId "2900394"]
[EventDate "2020.08.21"]
[EventType "team"]

1. e4 e5 2. Nf3 Nf6 3. Nxe5 d6 4. Nf3 Nxe4 5. d4 d5 6. Bd3 Bd6 7. O-O O-O 8. c4
c6 9. Qc2 h6 10. Re1 Be6 11. cxd5 cxd5 12. Bxe4 dxe4 13. Qxe4 Bd5 14. Qg4 Qd7
15. Qxd7 Nxd7 16. Nc3 Bxf3 17. gxf3 Bb4 18. Re2 Bxc3 19. bxc3 Rfc8 20. Bd2 Nb6
21. Re7 Nd5 22. Rxb7 Nxc3 23. Re1 Nd5 24. Re5 Rd8 25. Kf1 a6 26. Ke2 Rd6 27. Bb4
Nf4+ 28. Ke3 Nd5+ 29. Kd3 Nxb4+ 30. Rxb4 Rf6 31. Ke3 Rc8 32. Rb3 Rc1 33. f4 Rh1
34. f5 Rxh2 35. d5 Rh4 36. Rb8+ Kh7 37. Rd8 g5 38. d6 Rb4 39. Rd5 Rb6 40. Kd4
Kg7 41. Ke5 Rb4 42. d7 1-0

[Event "Online Olym Top DivC 2020"]
[Site "chess.com INT"]
[Date "2020.08.22"]
[Round "6.2"]
[Board "2"]
[White "Petkov, Momchil"]
[Black "Jankovic, Alojzije"]
[Result "1-0"]
[WhiteTitle "FM"]
[BlackTitle "GM"]
[WhiteElo "2315"]
[BlackElo "2537"]
[WhiteTeam "Bulgaria"]
[BlackTeam "Croatia"]
[WhiteFideId "2921642"]
[BlackFideId "14505959"]
[EventDate "2020.08.21"]
[EventType "team"]

1. e4 c5 2. Nf3 d6 3. d4 cxd4 4. Nxd4 Nf6 5. Nc3 Nc6 6. Bg5 e6 7. Qd3 Bd7 8.
O-O-O a6 9. f4 h6 10. Bh4 g5 11. Nxc6 Bxc6 12. fxg5 Ng4 13. Be2 hxg5 14. Bg3 Ne5
15. Qe3 Qa5 16. Kb1 Be7 17. Rhf1 Rc8 18. Qf2 f6 19. Rxd6 Bd7 20. Rdd1 Qc5 21.
Qe1 b5 22. a3 a5 23. Rxd7 Nxd7 24. Bxb5 Qb6 25. Qd2 Rd8 26. Rd1 Qb7 27. Qd4 Rh7
28. Qc4 Kf7 29. Qxe6+ Kxe6 30. Bc4+ Qd5 31. Bxd5# 1-0

[Event "Online Olym Top DivC 2020"]
[Site "chess.com INT"]
[Date "2020.08.22"]
[Round "6.2"]
[Board "3"]
[White "Franciskovic, Borka"]
[Black "Stefanova, Antoaneta"]
[Result "1/2-1/2"]
[WhiteTitle "WIM"]
[BlackTitle "GM"]
[WhiteElo "2250"]
[BlackElo "2462"]
[WhiteTeam "Croatia"]
[BlackTeam "Bulgaria"]
[WhiteFideId "14507943"]
[BlackFideId "2902257"]
[EventDate "2020.08.21"]
[EventType "team"]

1. Nf3 d5 2. g3 g6 3. Bg2 Bg7 4. d4 e6 5. O-O Ne7 6. c4 O-O 7. Nc3 dxc4 8. Qa4
a6 9. Qxc4 b5 10. Qb3 Nbc6 11. Rd1 Bb7 12. Bf4 Na5 13. Qc2 Rc8 14. Ne4 Nd5 15.
Nc5 Nxf4 16. gxf4 Ba8 17. e3 Qd6 18. Rac1 Nc6 19. Nxa6 Nxd4 20. Nxd4 Qxa6 21.
Bxa8 Bxd4 22. Rxd4 c5 23. Rd7 Qxa8 24. a3 c4 25. Rcd1 Qf3 26. R1d4 h5 27. Qd1
Qa8 28. h3 c3 29. bxc3 Qxa3 30. Qe2 Qxc3 31. Qxb5 Rb8 32. Qe2 Rb2 33. Rd2 Rfb8
34. Rd8+ Rxd8 35. Rxb2 Qc1+ 36. Kg2 Rd1 37. Rb8+ Kh7 38. Qb2 Rg1+ 39. Kf3 Qd1+
40. Qe2 Qxe2+ 41. Kxe2 Rh1 42. Kf3 Rxh3+ 43. Kg2 Rh4 44. f3 g5 45. fxg5 Ra4 46.
Rf8 Kg7 47. Rc8 Kg6 48. f4 Ra3 49. Kf3 Kg7 50. Rc2 Rb3 51. Rd2 Ra3 52. Rc2 Rb3
53. Rd2 Ra3 54. Rc2 1/2-1/2

[Event "Online Olym Top DivC 2020"]
[Site "chess.com INT"]
[Date "2020.08.22"]
[Round "6.2"]
[Board "4"]
[White "Antova, Gabriela"]
[Black "Ivekovic, Tihana"]
[Result "1/2-1/2"]
[WhiteTitle "FM"]
[BlackTitle "WFM"]
[WhiteElo "2238"]
[BlackElo "2127"]
[WhiteTeam "Bulgaria"]
[BlackTeam "Croatia"]
[WhiteFideId "2915235"]
[BlackFideId "14517825"]
[EventDate "2020.08.21"]
[EventType "team"]

1. d4 d5 2. c4 e6 3. Nf3 Nf6 4. Nc3 c6 5. e3 Nbd7 6. Qc2 Bd6 7. Bd3 dxc4 8. Bxc4
b5 9. Bd3 Bb7 10. O-O O-O 11. e4 e5 12. dxe5 Nxe5 13. Nxe5 Bxe5 14. h3 a6 15.
Be3 Bd4 16. Bxd4 Qxd4 17. Rad1 Qc5 18. Kh2 g6 19. f4 Qb6 20. e5 Nd5 21. Nxd5
cxd5 22. Rde1 Rac8 23. Qd2 f5 24. h4 Qc7 25. Rc1 Qe7 26. Kg3 d4 27. Rxc8 Rxc8
28. Rc1 Rd8 29. b4 Be4 30. Rc5 Qb7 31. Qc2 Bxd3 32. Qxd3 Qe4 33. Qd2 Rd7 34. Rc1
Kf8 35. Re1 Qd5 36. Qd3 Ke7 37. a3 Rc7 38. Kh2 Rc3 39. Qd2 Qc4 40. Rd1 d3 41.
Qe3 Rxa3 42. Qa7+ Ke8 43. Qb8+ Kf7 44. e6+ Qxe6 45. Qa7+ Qe7 46. Qd4 Qxh4+ 47.
Kg1 Qe7 48. Rxd3 Rxd3 49. Qxd3 Qxb4 50. Qd5+ Ke7 51. Qb7+ Kd8 52. Qxa6 Qc5+ 53.
Kh2 b4 54. Qf6+ Kc8 55. Qh8+ Kc7 56. Qxh7+ Kc8 57. Qh8+ Kd7 58. Qh7+ Ke8 59.
Qxg6+ Kd8 60. Qf6+ Kd7 61. Qg7+ Kc6 62. g4 Qf2+ 63. Kh3 Qf3+ 64. Kh2 Qxf4+ 65.
Kh1 Qf3+ 66. Kh2 Qf4+ 67. Kh1 fxg4 68. Qg6+ Kc5 69. Qe8 Qf3+ 70. Kg1 b3 71. Qc8+
Kd4 72. Qd7+ Ke4 73. Qb7+ Kf4 74. Qb8+ Kg5 75. Qg8+ Kh4 76. Qh8+ Kg5 77. Qg8+
Kf4 78. Qb8+ Ke4 79. Qb7+ Kd4 80. Qb4+ Kd5 81. Qb5+ Kd6 82. Qb6+ Kd7 83. Qa7+
Kc6 84. Qa4+ Kc5 85. Qa5+ Kc4 86. Qc7+ Kb4 87. Qe7+ Kc3 88. Qe5+ Kc2 89. Qc5+
Kb1 90. Qe5 Qd1+ 91. Kg2 b2 92. Kg3 Qf3+ 93. Kh4 Kc1 94. Qc5+ Kd2 95. Qd4+ Kc2
96. Qc4+ Qc3 97. Qa4+ Kc1 98. Qf4+ Qd2 99. Qc4+ Kd1 100. Qxg4+ Qe2 101. Qd4+ Kc1
102. Qc3+ Kd1 103. Qd4+ Qd2 104. Qg4+ Kc1 105. Qc4+ Kb1 106. Qe4+ Qc2 107. Qe1+
Ka2 108. Qa5+ Kb3 109. Qb5+ Kc3 110. Qc5+ Kd2 111. Qf2+ Kd3 112. Qf5+ Kc3 113.
Qc5+ Kb3 114. Qb5+ Ka2 115. Qa5+ Kb1 1/2-1/2

[Event "Online Olym Top DivC 2020"]
[Site "chess.com INT"]
[Date "2020.08.22"]
[Round "6.2"]
[Board "5"]
[White "Livaic, Leon"]
[Black "Petrov, Martin"]
[Result "1/2-1/2"]
[WhiteTitle "IM"]
[BlackTitle "IM"]
[WhiteElo "2507"]
[BlackElo "2525"]
[WhiteTeam "Croatia"]
[BlackTeam "Bulgaria"]
[WhiteFideId "14531534"]
[BlackFideId "2911086"]
[EventDate "2020.08.21"]
[EventType "team"]

1. d4 Nf6 2. c4 e6 3. Nf3 b6 4. g3 Ba6 5. Qc2 c5 6. d5 exd5 7. cxd5 Bb7 8. Bg2
Nxd5 9. Qb3 Nc7 10. Ne5 d5 11. Nc3 Be7 12. Bf4 O-O 13. O-O-O Nc6 14. Nxc6 Bxc6 1/2-1/2

[Event "Online Olym Top DivC 2020"]
[Site "chess.com INT"]
[Date "2020.08.22"]
[Round "6.2"]
[Board "6"]
[White "Radeva, Viktoria"]
[Black "Cvitan, Ena"]
[Result "1/2-1/2"]
[WhiteTitle "WIM"]
[BlackTitle "FM"]
[WhiteElo "2302"]
[BlackElo "2242"]
[WhiteTeam "Bulgaria"]
[BlackTeam "Croatia"]
[WhiteFideId "2915405"]
[BlackFideId "14534215"]
[EventDate "2020.08.21"]
[EventType "team"]

1. e4 c6 2. Nc3 d5 3. Nf3 dxe4 4. Nxe4 Nf6 5. Qe2 Nxe4 6. Qxe4 Be6 7. c4 Nd7 8.
d4 Nf6 9. Qf4 g6 10. Be2 Bg7 11. O-O O-O 12. Bd2 Bf5 13. Bc3 Ne4 14. Bb4 Qb6 15.
Ba3 Nf6 16. Ne5 Rad8 17. Rad1 Rfe8 18. Rfe1 Be6 19. Bf3 Nd7 20. Nxd7 Rxd7 21. d5
cxd5 22. cxd5 Bf5 23. d6 Bxb2 24. Bxb2 Qxb2 25. dxe7 Rexe7 26. Rxe7 Rxe7 27.
Qb8+ Kg7 28. Qxa7 Bc2 29. Rf1 Bd3 30. Rd1 Bc2 31. Rf1 Bb1 32. a3 Bd3 33. Rd1 Bc2
34. Rf1 Bd3 35. Rd1 Bc2 36. Rf1 Bd3 1/2-1/2

[Event "Online Olym Top DivC 2020"]
[Site "chess.com INT"]
[Date "2020.08.22"]
[Round "6.3"]
[Board "1"]
[White "Nassr, Ali"]
[Black "Parligras, Mircea-Emilian"]
[Result "0-1"]
[WhiteTitle "IM"]
[BlackTitle "GM"]
[WhiteElo "2232"]
[BlackElo "2591"]
[WhiteTeam "Algeria"]
[BlackTeam "Romania"]
[WhiteFideId "7900520"]
[BlackFideId "1204297"]
[EventDate "2020.08.21"]
[EventType "team"]

1. d4 Nf6 2. Bf4 d5 3. e3 c5 4. dxc5 e6 5. c4 Bxc5 6. Nc3 Nc6 7. Nf3 O-O 8. Bd3
dxc4 9. Bxc4 Qe7 10. O-O h6 11. a3 e5 12. Bg3 Bg4 13. Qc2 Rac8 14. Nd5 Nxd5 15.
Bxd5 Bd6 16. Qe4 Be6 17. Bxc6 Rxc6 18. Nxe5 Rc5 19. Nf3 Bd5 20. Qxe7 Bxe7 21. b4
Rc4 22. Rad1 Rd8 23. Rd3 Be6 24. Rxd8+ Bxd8 25. Rd1 Bf6 26. Nd4 Bd7 27. h3 Ba4
28. Rd3 g6 29. Bb8 a6 30. Nf3 Bb5 31. Kh2 Rc8 0-1

[Event "Online Olym Top DivC 2020"]
[Site "chess.com INT"]
[Date "2020.08.22"]
[Round "6.3"]
[Board "2"]
[White "Gavrilescu, David"]
[Black "Achour, Mohamed Anis"]
[Result "1/2-1/2"]
[WhiteTitle "IM"]
[WhiteElo "2476"]
[BlackElo "2006"]
[WhiteTeam "Romania"]
[BlackTeam "Algeria"]
[WhiteFideId "1227190"]
[BlackFideId "7904649"]
[EventDate "2020.08.21"]
[EventType "team"]

1. e4 e5 2. Nf3 Nc6 3. Bc4 Bc5 4. c3 Nf6 5. d4 exd4 6. e5 d5 7. Bb5 Ne4 8. cxd4
Bb6 9. Nc3 O-O 10. Be3 Bg4 11. h3 Bh5 12. Qc2 Bg6 13. Qb3 Ne7 14. O-O c6 15. Bd3
Nd2 16. Nxd2 Bxd3 17. Rfe1 Bg6 18. Na4 Nf5 19. Nxb6 Qxb6 20. Qc3 f6 21. Nf3 Nxe3
22. Rxe3 Be4 23. exf6 Bxf3 24. fxg7 Kxg7 25. Re7+ Kh8 26. gxf3 Rg8+ 27. Kh1 Rae8
28. Rae1 Rxe7 29. Rxe7 Rg7 30. Re8+ Rg8 31. Re7 Rg7 32. Re6 Rg6 33. Qa3 Qxd4 34.
Rxg6 hxg6 35. Kg2 a6 36. Qf8+ Kh7 37. b3 Qe5 38. f4 Qe4+ 39. Kg3 Qd3+ 40. Kg4
Qd1+ 41. Kh4 Qf3 42. Qe7+ Kh6 43. Qf8+ Kh7 44. Qe7+ Kh6 45. Qg5+ Kh7 46. Qe7+ 1/2-1/2

[Event "Online Olym Top DivC 2020"]
[Site "chess.com INT"]
[Date "2020.08.22"]
[Round "6.3"]
[Board "3"]
[White "Abdelaziz, Tinhinane"]
[Black "Cosma, Elena-Luminita"]
[Result "0-1"]
[BlackTitle "WGM"]
[WhiteElo "1416"]
[BlackElo "2311"]
[WhiteTeam "Algeria"]
[BlackTeam "Romania"]
[WhiteFideId "7912170"]
[BlackFideId "1201590"]
[EventDate "2020.08.21"]
[EventType "team"]

1. e4 e6 2. d4 d5 3. exd5 exd5 4. Bd3 Nc6 5. c3 Bd6 6. h3 Nge7 7. Nf3 Bf5 8. O-O
Qd7 9. Re1 O-O-O 10. b4 Bxd3 11. Qxd3 Ng6 12. a4 Rde8 13. Rxe8+ Rxe8 14. Bd2 Qe6
15. a5 Qe4 16. Qxe4 dxe4 17. Ne1 a6 18. Nc2 f5 19. Nba3 Bf4 20. Be3 Nce7 21. Re1
Nd5 22. Nb1 b5 23. Kf1 Kd7 24. Ke2 Bd6 25. Kd2 f4 26. Kd1 fxe3 27. Nxe3 Ngf4 28.
Kd2 c6 29. Rg1 Nd3 30. Rf1 Rf8 31. Nd1 Bf4+ 32. Ke2 Bh6 33. Ne3 Bxe3 34. fxe3
Rxf1 35. Kxf1 Nxe3+ 36. Kg1 Nc4 37. Kf1 Ke6 38. Ke2 Kf5 39. Nd2 Nxd2 40. Kxd2
Kf4 41. Ke2 Nb2 42. Kd2 Nc4+ 43. Ke2 Kg3 44. Kf1 e3 0-1

[Event "Online Olym Top DivC 2020"]
[Site "chess.com INT"]
[Date "2020.08.22"]
[Round "6.3"]
[Board "4"]
[White "Sandu, Mihaela"]
[Black "Belattar, Ines"]
[Result "1-0"]
[WhiteTitle "WGM"]
[WhiteElo "2268"]
[BlackElo "1729"]
[WhiteTeam "Romania"]
[BlackTeam "Algeria"]
[WhiteFideId "1204327"]
[BlackFideId "7910282"]
[EventDate "2020.08.21"]
[EventType "team"]

1. e4 d5 2. exd5 Nf6 3. d4 Nxd5 4. c4 Nb6 5. c5 Nd5 6. Nf3 g6 7. Nc3 Bg7 8. Bc4
e6 9. O-O O-O 10. Qe2 Nc6 11. Rd1 b6 12. Bg5 Qd7 13. Rac1 h6 14. Be3 Bb7 15.
cxb6 cxb6 16. Nxd5 exd5 17. Bb5 Qd6 18. Qd2 Rac8 19. Bf4 Qf6 20. Bxc6 Bxc6 21.
Bxh6 Bb5 22. Bxg7 Kxg7 23. b3 Rfe8 24. Ne5 Qf5 25. a4 Ba6 26. Re1 f6 27. Nf3 Qd7
28. h3 Rxc1 29. Qxc1 Rc8 30. Qf4 Qf7 31. g4 g5 32. Qf5 Rc7 33. Nh2 Bc8 34. Qf3
Bb7 35. Nf1 Bc8 36. Ng3 Kg8 37. Qe3 Kg7 38. Kh2 Rb7 39. Nh5+ Kg8 40. Qf3 Re7 41.
Rxe7 Qxe7 42. Nxf6+ Kh8 43. Nh5 Be6 44. Qe3 Qd6+ 45. Ng3 Qe7 46. Qe5+ Kg8 47.
Nf5 Qf7 48. Nh6+ 1-0

[Event "Online Olym Top DivC 2020"]
[Site "chess.com INT"]
[Date "2020.08.22"]
[Round "6.3"]
[Board "5"]
[White "Djabri, Massinas"]
[Black "Costachi, Mihnea"]
[Result "0-1"]
[WhiteTitle "FM"]
[BlackTitle "IM"]
[WhiteElo "2161"]
[BlackElo "2471"]
[WhiteTeam "Algeria"]
[BlackTeam "Romania"]
[WhiteFideId "7905726"]
[BlackFideId "1217518"]
[EventDate "2020.08.21"]
[EventType "team"]

1. d4 Nf6 2. c4 g6 3. Nc3 Bg7 4. e4 O-O 5. Nge2 d6 6. Ng3 Nbd7 7. Be2 c5 8. d5
h5 9. h4 Ne5 10. Bf4 Bg4 11. f3 Bd7 12. Qd2 a6 13. Bh6 b5 14. Bxg7 Kxg7 15. Qg5
Nh7 16. Qe3 bxc4 17. f4 Ng4 18. Qd2 e5 19. f5 Rb8 20. Bxg4 hxg4 21. O-O-O Qe7
22. Rdf1 Rh8 23. Nd1 c3 24. Qxc3 Rb4 25. Ne3 Nf6 26. Qd2 Kg8 27. fxg6 fxg6 28.
Qf2 Nxe4 29. Qc2 Nxg3 30. Qxg6+ Qg7 31. Qxd6 Nxh1 32. Nf5 Bxf5 33. Rxf5 Rxh4 34.
Qd8+ Kh7 35. Qxh4+ Qh6+ 36. Qxh6+ Kxh6 37. Rxe5 Rd4 38. Re6+ Kg5 39. Rxa6 Rxd5
40. a4 Nf2 41. Ra8 Kf4 42. a5 Kg3 43. a6 Kxg2 44. Rb8 Rd1+ 45. Kc2 Ra1 46. Rb7
Rxa6 0-1

[Event "Online Olym Top DivC 2020"]
[Site "chess.com INT"]
[Date "2020.08.22"]
[Round "6.3"]
[Board "6"]
[White "Bucur, Denisa-Andreea"]
[Black "Djerroud, Chahrazed"]
[Result "1-0"]
[WhiteElo "2063"]
[BlackElo "1496"]
[WhiteTeam "Romania"]
[BlackTeam "Algeria"]
[WhiteFideId "1238019"]
[BlackFideId "7910762"]
[EventDate "2020.08.21"]
[EventType "team"]

1. d4 d5 2. c4 c6 3. Nc3 Nf6 4. e3 Bf5 5. cxd5 cxd5 6. Qb3 Qb6 7. Nxd5 Qxb3 8.
Nxf6+ gxf6 9. axb3 Nc6 10. Bb5 Bd7 11. Nf3 Bg7 12. Bd2 O-O 13. O-O Rfd8 14. Bc3
a6 15. Be2 Rac8 16. Nd2 e5 17. d5 Ne7 18. e4 f5 19. f3 fxe4 20. fxe4 f5 21. d6
Ng6 22. exf5 Nf4 23. Bc4+ Kh8 24. f6 Bxf6 25. Rxf4 Kg7 26. Rf3 Be8 27. Ne4 Bh4
28. Ba5 Bh5 29. Rh3 Rf8 30. Rxh4 Be8 31. Be6 Ra8 32. d7 Bxd7 33. Bxd7 Rf7 34.
Be6 Re7 35. Bf5 Rf7 36. Rxh7+ Kg8 37. Rxf7 Kxf7 38. Rc1 Re8 39. Nd6+ 1-0

[Event "Online Olym Top DivC 2020"]
[Site "chess.com INT"]
[Date "2020.08.22"]
[Round "6.4"]
[Board "1"]
[White "Tissir, Mohamed"]
[Black "Sargissian, Gabriel"]
[Result "0-1"]
[WhiteTitle "IM"]
[BlackTitle "GM"]
[WhiteElo "2379"]
[BlackElo "2682"]
[WhiteTeam "Morocco"]
[BlackTeam "Armenia"]
[WhiteFideId "9000240"]
[BlackFideId "13300881"]
[EventDate "2020.08.21"]
[EventType "team"]

1. e4 e5 2. Nf3 Nc6 3. Bc4 Nf6 4. d3 Bc5 5. c3 d6 6. Bb3 a5 7. Nbd2 O-O 8. Nf1
Be6 9. Ng3 Bxb3 10. axb3 d5 11. Qe2 Re8 12. O-O Qd7 13. h3 h6 14. Nh4 Rad8 15.
Qf3 Qe6 16. Nhf5 Bf8 17. Re1 Kh7 18. Ne3 dxe4 19. Nxe4 Rxd3 20. Nxf6+ Qxf6 21.
Qe4+ Qg6 22. Nf5 Rd7 23. g4 Kg8 24. Be3 Qe6 25. g5 hxg5 26. Bxg5 g6 27. Ne3 f5
28. Qg2 e4 29. Bf4 Bd6 30. Nd5 Qxd5 0-1

[Event "Online Olym Top DivC 2020"]
[Site "chess.com INT"]
[Date "2020.08.22"]
[Round "6.4"]
[Board "2"]
[White "Ter-Sahakyan, Samvel"]
[Black "Zrikem, Nassim"]
[Result "1-0"]
[WhiteTitle "GM"]
[BlackTitle "FM"]
[WhiteElo "2640"]
[BlackElo "1942"]
[WhiteTeam "Armenia"]
[BlackTeam "Morocco"]
[WhiteFideId "13302531"]
[BlackFideId "9002693"]
[EventDate "2020.08.21"]
[EventType "team"]

1. e4 e5 2. Nf3 Nc6 3. Bb5 a6 4. Ba4 Nf6 5. O-O Be7 6. Re1 b5 7. Bb3 d6 8. c3
O-O 9. h3 Na5 10. Bc2 c5 11. d4 cxd4 12. cxd4 Nc6 13. Nc3 Bb7 14. d5 Nb8 15. b4
Nbd7 16. a4 bxa4 17. Nxa4 Nb6 18. Nxb6 Qxb6 19. Be3 Qc7 20. Nd2 Rfc8 21. Bd3 Qc3
22. Bf1 a5 23. b5 Nd7 24. Ra4 f5 25. Nc4 fxe4 26. Bd2 Qd4 27. Nxd6 Qxd5 28. Nxc8
Rxc8 29. Be3 Qe6 30. Bc4 Rxc4 31. Rxc4 Qxc4 32. Qxd7 Qb4 33. Rc1 1-0

[Event "Online Olym Top DivC 2020"]
[Site "chess.com INT"]
[Date "2020.08.22"]
[Round "6.4"]
[Board "3"]
[White "Alaoui Belghiti, Chaimaa"]
[Black "Mkrtchian, Lilit"]
[Result "0-1"]
[WhiteTitle "WFM"]
[BlackTitle "IM"]
[WhiteElo "1703"]
[BlackElo "2388"]
[WhiteTeam "Morocco"]
[BlackTeam "Armenia"]
[WhiteFideId "9002375"]
[BlackFideId "13300601"]
[EventDate "2020.08.21"]
[EventType "team"]

1. c4 e5 2. Nc3 Bb4 3. Qc2 Nf6 4. a3 Bxc3 5. Qxc3 Nc6 6. d3 d5 7. Nf3 d4 8. Qc2
a5 9. g3 h6 10. Bg2 O-O 11. O-O Bf5 12. Rb1 Re8 13. b4 axb4 14. axb4 e4 15. Ne1
Qd7 16. dxe4 Nxe4 17. Nd3 Nc3 18. Rb2 Rxe2 19. Bd2 Qe7 20. f4 Rxg2+ 21. Kxg2
Qe2+ 22. Rf2 Be4+ 23. Kg1 Ra1+ 24. Bc1 Qxd3 25. Qxd3 Bxd3 26. Kg2 Rxc1 27. Rf3
Be4 0-1